| 000 | 00701nam a2200241 a 4500 | ||
|---|---|---|---|
| 999 |
_c1529 _d1529 |
||
| 001 | 1529 | ||
| 003 | BD-JhCC | ||
| 005 | 20220622134024.0 | ||
| 008 | 171021s1981 bg ||||| |||| 00| 0 ben d | ||
| 020 | _a9844101018 | ||
| 035 | _a(BD-JhCC)1529 | ||
| 040 |
_aBD-JhCC _dBD-JhCC |
||
| 041 | _aben | ||
| 082 |
_a822.33 _bSAK 1981 |
||
| 100 | _aশেক্সপীয়র, উইলিয়াম | ||
| 245 |
_aওথেলো / _cউইলিয়াম শেক্সপীয়র |
||
| 260 |
_aঢাকা : _bমাওলা ব্রাদার্স, _c1981. |
||
| 300 |
_a138 p. : _c21 cm. |
||
| 650 | _aOthello | ||
| 650 | _aEnglish Drama | ||
| 942 |
_2ddc _cBK _01 |
||